Finish the Famous Ron Weasley Quote Quiz Stats

 Plays Quiz Updated Feb 7, 2019

Support Sporcle.
Go Orange.
Score 0/21 Timer 05:00
1 Play Today
% Correct
Club
96.2%
Clever
96.1%
Time
96%
Too
95.6%
Explode
95.6%
Spiders
95.6%
Say
95.5%
Gringotts
95.5%
Happens
95.4%
Belong
95.2%
Was
94.7%
% Correct
Ferret
94%
Back
93.7%
Nose
93.7%
Backside
93.5%
Tonight
92.8%
Surprise
92.8%
Not
90%
Leaks
89.8%
Cozy
89.4%
Soul
89.2%

You're not logged in!

Compare scores with friends on all Sporcle quizzes.
OR
Log In
Forgot?

From the Vault

Religion Race

by jrage2009

Religion 30s
Not many people can finish a 100 yard dash on water.
Remove Ads.
Support Sporcle.
Get the best of Sporcle when you Go Orange. This ad-free experience offers more features, more stats, and more fun while also helping to support Sporcle. Thank you for becoming a member.

Show Comments

Extras

Top Quizzes Today


Score Distribution

Your Account Isn't Verified!

In order to create a playlist on Sporcle, you need to verify the email address you used during registration. Go to your Sporcle Settings to finish the process.

Report this User

Report this user for behavior that violates our Community Guidelines.

Details: